The Norton Field Guide to Writing. (Record no. 5005)
[ view plain ]
| 005 - DATE AND TIME OF LATEST TRANSACTION | |
|---|---|
| control field | 20250625102500.0 |
| 020 ## - INTERNATIONAL STANDARD BOOK NUMBER | |
| International Standard Book Number | 978--0-0393-97776-9 |
| 082 ## - DEWEY DECIMAL CLASSIFICATION NUMBER | |
| Classification number | 808.042 BUL |
| 100 ## - MAIN ENTRY--PERSONAL NAME | |
| Author name | BULLOCK, R. |
| 245 ## - TITLE STATEMENT | |
| Title | The Norton Field Guide to Writing. |
| 250 ## - EDITION STATEMENT | |
| Edition statement | 5th Ed. |
| 260 ## - PUBLICATION, DISTRIBUTION, ETC. | |
| Place of publication, distribution, etc. | New York. |
| Name of publisher, distributor, etc. | w. w. Norton & Company, |
| Date of publication, distribution, etc. | 2006. |
| 300 ## - PHYSICAL DESCRIPTION | |
| Extent | xxix, 514p.: picture |
| Other physical details | Glossary & Index |
| Dimensions | 22cm |
| 942 ## - ADDED ENTRY ELEMENTS (KOHA) | |
| Source of classification or shelving scheme | Dewey Decimal Classification |
| Koha item type | Books |
| Date last seen | Total checkouts | Full call number | Barcode | Cost, replacement price | Price effective from | Koha item type | Lost status | Source of classification or shelving scheme | Damaged status | Not for loan | Withdrawn status | Home library | Current library | Shelving location | Date acquired | Cost, normal purchase price |
|---|---|---|---|---|---|---|---|---|---|---|---|---|---|---|---|---|
| 06/25/2025 | 808042BUL | DOM0002755 | 105000.00 | 06/25/2025 | Books | Dewey Decimal Classification | CBE Dodoma | CBE Dodoma | General Collection | 04/26/2010 | 35000.00 | |||||
| 06/25/2025 | 808.042 BUL | DOM0002756 | 105000.00 | 06/25/2025 | Books | Dewey Decimal Classification | CBE Dodoma | CBE Dodoma | General Collection | 04/26/2010 | 35000.00 | |||||
| 06/25/2025 | 808.042 BUL | DOM0002757 | 105000.00 | 06/25/2025 | Books | Dewey Decimal Classification | CBE Dodoma | CBE Dodoma | General Collection | 04/26/2010 | 35000.00 | |||||
| 06/25/2025 | 808.042 BUL | DOM0002758 | 105000.00 | 06/25/2025 | Books | Dewey Decimal Classification | CBE Dodoma | CBE Dodoma | General Collection | 04/26/2010 | 35000.00 |
